000 00249nam a2200097Ia 4500
005 20251222114357.0
008 251222s1900||||xx |||||||||||||| ||spa||
082 _aDVD191.1/U61/2001
245 0 _aJornada nacional de jóvenes empresarios :
942 _cDVD
999 _c1471
_d1471